New York helyettes ügyésze Szegeden

Elmentve itt :
Bibliográfiai részletek
Dokumentumtípus: Cikk
Megjelent: 1992-03-24
Sorozat:Délmagyarország 82 No. 71
Kulcsszavak:külföldi politikusok látogatásai
Online Access:http://dmarchiv.bibl.u-szeged.hu/112730
LEADER 00429nab a2200145 i 4500
001 delm112730
005 20191003085748.0
008 191003s1992 hu o 0|| hun d
040 |a SZTE Délmagyarország Archívum  |b hun 
041 |a hun 
245 0 0 |a New York helyettes ügyésze Szegeden  |h [elektronikus dokumentum] 
260 |c 1992-03-24 
300 |a 1 
490 0 |a Délmagyarország  |v 82 No. 71 
695 |a külföldi politikusok látogatásai